| 000 | 00548nam a2200181Ia 4500 | ||
|---|---|---|---|
| 008 | 100921s9999 xx 000 0 und d | ||
| 082 |
_b15673 _a891.463 थ 79 |
||
| 100 | _aराजे शैलजा. | ||
| 245 | _aइभ्रत. | ||
| 260 |
_bदीपज्योती प्रकाशन,पुणे. _c1979 |
||
| 300 |
_a163 _b--- |
||
| 365 | _b15 | ||
| 520 | _aललित-कादंबरी. | ||
| 630 | _aइभ्रत. | ||
| 650 | _aललित-कादंबरी. | ||
| 730 | _aइभ्रत. | ||
| 942 | _cBOOK | ||
| 999 |
_c764786 _d764783 |
||